000 004240000a22001690004500
003 LK-CoMWRAF
008 230817t ||||| |||| 00| 0 eng d
040 _aLK-CoMWRAF
_dLK-CoMWRAF
_eLK-CoMWRAF
041 _aeng
082 _a156
_bGHA
100 _aGhazi, Seemin
100 _aGhazi, Tasneema
245 _aOur Prophet
_bMuhammad, Rasulullah
260 _bCrescent
_aDelhi (India)
_c1985
300 _ap.24
942 _cBK
999 _c1584
_d1584